| 000 | 007380000a22001090004500 | ||
|---|---|---|---|
| 100 | 1 | _aAndiñach, Pablo R. | |
| 245 | 1 | 0 | _aJoel : La justicia definitiva |
| 300 | _aNum. 35-36 (2000), Páginas 148-152 | ||
| 520 | _aJoel es un libro escrito durante el postexilio y compuesto por dos partes que una a otra se nutren semánticamente. En él se utiliza la imagen de una invasión de langostas para aludir a una invasión militar extranjera y sus consecuencias, y se va hacia una comprensión entre escatológica e histórica de la acción de Yavé quien en el llamado día de Yavé hará justicia definitiva y entregará su Espíritu a los marginados y débiles. | ||
| 773 | 0 | _tRevista de Interpretación Bíblica Latinoamericana | |
| 942 | _cANA | ||
| 999 |
_c52541 _d52541 |
||